00245nam a22001097a 4500008004100000082001100041245003800052260000900090300001000099440001800109760000800127180730b xxu||||| |||| 00| 0 eng d a813.52 aAbnormal PsychologycHoeksema,S.N c2007 a1fCD x9780073191447 b4th